| 000 | 00000nam##2200000za#4500 |
| 001 | 9.597868 |
| 003 | CaOODSP |
| 005 | 20210624204246 |
| 007 | cr ||||||||||| |
| 008 | 150406|2004||||xxc|||||o f|0| 0 fre|d |
| 040 | |aCaOODSP|bfre |
| 043 | |an-cn--- |
| 086 | 1 |aTU3-5/04-27F-PDF |
| 110 | 2 |aBureau de la sécurité des transports du Canada. |
| 245 | 10|aPerte de puissance moteur de l'hélicoptère MD (Hughes) 369D C-GWPQ exploité par Quantum Helicopters Ltd. à la piste d'atterrissage de Bob Quinn (Colombie Britannique), le 11 juin 2004 |h[ressource électronique] |
| 260 | |aGatineau - Québec : |bBureau de la sécurité des transports du Canada |c[2005]. |
| 300 | |a10p.|bill., tableau, photographies |
| 490 | 1 |aRapport d'enquête aéronautique |vA04P0206 |
| 590 | |a10-05-Supp|b2010-07-20 |
| 691 | 07|aAccident d'avion|2gcpds |
| 775 | 08|tEngine power loss - Quantum Helicopters Ltd. MD Helicopter (Hughes) 369D C-GWPQ, Bob Quinn Airstrip, British Columbia, 11 June 2004 |w(CaOODSP)9.566357 |
| 830 | #0|aRapport d'enquête aéronautique ;|vA04P0206|w(CaOODSP)9.501229 |
| 856 | 40|ahttp://publications.gc.ca|qPDF|s384 Ko|uhttps://publications.gc.ca/collections/collection_2009/bst-tsb/TU3-5-04-27F.pdf|yA04P0206 |